| 000 | 00966nam a2200241 i 4500 | ||
|---|---|---|---|
| 001 | 24075 | ||
| 003 | ES-MaACL | ||
| 005 | 20250804054932.0 | ||
| 007 | t| | ||
| 008 | 021213s1964 sp ||||1| spa d | ||
| 100 | 1 |
_aAmor Ruibal, Ángel, _d1869-1930 _921296 |
|
| 245 | 1 | 0 |
_aCuatro manuscritos inéditos (Los principios de donde recibe el ente la existencia, Naturaleza y sobrenaturaleza, Existencia de Dios, Existencia de Dios según mi exposición) / _cAngel Amor Ruibal ; edición y estudio preliminar de Saturnino Casas Blanco. |
| 260 |
_aMadrid : _bGredos, _c[1964] |
||
| 300 |
_a534 p., 1 lám. ; _c20 cm. |
||
| 490 | 1 |
_aBiblioteca hispánica de filosofía ; _v39 |
|
| 650 |
_aOntología. _915705 |
||
| 650 | 0 | 4 |
_aDios- _xExistencia _911904 |
| 700 | 1 |
_aCasas Blanco, Saturnino. _936214 |
|
| 830 | 0 |
_aBiblioteca hispánica de filosofía ; _v39 _9181000 |
|
| 852 |
_aES-MaACL _jG-8788 _bR.53651 _924967 |
||
| 942 | _2udc | ||
| 999 |
_c24075 _d24075 |
||